Airlines flying to San Juan, Puerto Rico in 2020 - Statistics

General Stats
  • This quiz has been taken 42 times
  • The average score is 12 of 38
Answer Stats
Hint Answer % Correct
United States American
100%
United States Delta
90%
United States Southwest
90%
United States JetBlue
83%
United States United
83%
Canada Air Canada
76%
United States Frontier
76%
United States Spirit
72%
Colombia Avianca
69%
Spain Iberia
62%
Panama Copa
55%
United States Silver
34%
Canada WestJet
34%
Canada Air Transat
31%
United States UPS
31%
Luxembourg Cargolux
24%
United States Federal Express|Fed Ex
24%
United Kingdom Virgin Atlantic
24%
Germany DHL
21%
United States Cape Air
17%
United States Sun Country
17%
Guadeloupe Air Antilles
14%
Puerto Rico Air Sunshine
14%
Turks and Caicos Inter Caribbean
14%
Puerto Rico Seaborne
14%
United States ABX
7%
United States Air Cargo Carriers
7%
Dominican Republic Air Century
7%
United States Ameriflight
7%
United States Amerijet
7%
Colombia Avianca Cargo|Avianca Carga
7%
United States IFL|Contract Air Cargo
7%
United States Northern Air Cargo
7%
Puerto Rico Vieques Air Link
7%
United States Amazon Prime Air|Amazon Air
3%
United States Fed Ex Feeder
3%
United States Swift Air Cargo
3%
United States Tradewind
3%
No matching quizzes found
Score Distribution
Percent of People with Each Score
Percentile by Number Answered
Your Score History
You have not taken this quiz